[Event "Lindores Abbey Tal Blitz 2021"]
[Site "Riga"]
[Date "2021.11.08"]
[Round "1.1"]
[White "Bartel, Mateusz"]
[Black "Vachier-Lagrave, Maxime"]
[Result "1/2-1/2"]
[WhiteElo "2619"]
[BlackElo "2766"]
[Annotator "TA"]
[PlyCount "91"]
[EventDate "2021.11.02"]
[EventType "swiss"]
[EventCountry "LAT"]
[SourceTitle "playchess.com"]
[Source "ChessBase"]
[SourceQuality "1"]

1. e4 c5 2. Nf3 d6 3. Bb5+ Bd7 4. Bxd7+ Qxd7 5. O-O Nc6 6. c3 Nf6 7. Re1 e6 8.
d4 cxd4 9. cxd4 d5 10. e5 Ne4 11. a3 Be7 12. Qd3 f5 13. exf6 gxf6 14. Nc3 f5
15. Bf4 Bf6 16. Ne5 Bxe5 17. Bxe5 Nxe5 18. dxe5 Nxc3 19. Qxc3 O-O 20. Rad1 Rac8
21. Qe3 f4 22. Qxa7 Qg7 23. Kh1 Rc2 24. Qd4 Rc4 25. Qd3 Rfc8 26. h3 Qg6 27. Qf3
Qf5 28. Kh2 Kf7 29. Rd3 Re4 30. Rxe4 dxe4 31. Rd7+ Ke8 32. Qd1 f3 33. Rxb7
Qxe5+ 34. g3 Qd5 35. Qa4+ Qc6 36. Qb4 Qc5 37. Qa4+ Kf8 38. h4 Qxf2+ 39. Kh3
Qf1+ 40. Kg4 Qc4 41. Qd7 e3+ 42. Kh3 Qf1+ 43. Kg4 Qc4+ 44. Kh3 Qf1+ 45. Kg4
Qc4+ 46. Kh3 1/2-1/2

[Event "Lindores Abbey Tal Blitz 2021"]
[Site "Riga"]
[Date "2021.11.08"]
[Round "1.2"]
[White "Aronian, Levon"]
[Black "Neiksans, Arturs"]
[Result "1-0"]
[WhiteElo "2782"]
[BlackElo "2575"]
[Annotator "TA"]
[PlyCount "77"]
[EventDate "2021.11.02"]
[EventType "swiss"]
[EventCountry "LAT"]
[SourceTitle "playchess.com"]
[Source "ChessBase"]
[SourceQuality "1"]

1. d4 Nf6 2. Bf4 g6 3. Nc3 d5 4. e3 Bg7 5. h4 h5 6. Nf3 O-O 7. Ne5 c5 8. Qd2
cxd4 9. exd4 Nc6 10. O-O-O Bf5 11. f3 Nb4 12. Bd3 Nxd3+ 13. Nxd3 Qa5 14. Nc5 b6
15. Nb3 Qa6 16. g4 hxg4 17. fxg4 Bxg4 18. Rdg1 Rfc8 19. h5 Bxh5 20. Bh6 Rxc3
21. Bxg7 Rxc2+ 22. Kxc2 Kxg7 23. Kb1 Rh8 24. Qe3 Qb7 25. Nc1 Qd7 26. Nd3 Qf5
27. Ka1 Qe4 28. Qg3 Qxd4 29. Nf4 Bg4 30. Rxh8 Kxh8 31. Qh4+ Kg8 32. Rh1 Bh5 33.
Qg5 Qe4 34. Rg1 Kf8 35. Qh6+ Ke8 36. Qh8+ Kd7 37. Rc1 Kd6 38. Qb8+ Kd7 39. Qc7+
1-0

[Event "Lindores Abbey Tal Blitz 2021"]
[Site "Riga"]
[Date "2021.11.08"]
[Round "1.3"]
[White "Tabatabaei, M. Amin"]
[Black "Caruana, Fabiano"]
[Result "0-1"]
[WhiteElo "2639"]
[BlackElo "2791"]
[Annotator "TA"]
[PlyCount "134"]
[EventDate "2021.11.02"]
[EventType "swiss"]
[EventCountry "LAT"]
[SourceTitle "playchess.com"]
[Source "ChessBase"]
[SourceQuality "1"]

1. d4 Nf6 2. Nf3 e6 3. Bf4 d5 4. e3 Bd6 5. Ne5 O-O 6. Nd2 b6 7. h4 Bb7 8. h5 h6
9. Qf3 Nc6 10. Qg3 Kh8 11. Nxc6 Bxc6 12. Bxd6 cxd6 13. c3 Qe7 14. Be2 b5 15.
O-O a5 16. a3 e5 17. Qh4 Rfe8 18. b4 a4 19. Bd3 e4 20. Be2 Bd7 21. Rac1 Rac8
22. Qf4 Nh7 23. f3 exf3 24. Rxf3 Ng5 25. Rg3 f5 26. Bd3 Qf6 27. Nf3 Nxf3+ 28.
Rxf3 Rf8 29. Kh2 Qg5 30. Qxg5 hxg5 31. Rcf1 f4 32. exf4 g4 33. Rg3 Rxc3 34. Bg6
Rc4 35. Re3 Rxd4 36. Re7 Bf5 37. Kg3 Re4 38. Re1 Rxe1 39. Rxe1 d4 40. Rd1 d3
41. Bxf5 Rxf5 42. Rxd3 Rxh5 43. Rxd6 Rh1 44. Kxg4 Ra1 45. Rd3 Kh7 46. Kf5 Rb1
47. g4 Rb3 48. Ke4 Rb1 49. Rh3+ Kg6 50. Rd3 Rg1 51. Rd6+ Kf7 52. Rd5 Rxg4 53.
Kf3 Rg1 54. Rxb5 Ra1 55. Ra5 Rxa3+ 56. Ke4 Ra1 57. Kd5 a3 58. Kc6 a2 59. Kb5
Kf6 60. Ra8 Kf5 61. Kb6 Rb1 62. Rxa2 Rxb4+ 63. Kc5 Rxf4 64. Kd5 g5 65. Ra8 Rb4
66. Rf8+ Kg4 67. Ke5 Kg3 0-1

[Event "Lindores Abbey Tal Blitz 2021"]
[Site "Riga"]
[Date "2021.11.08"]
[Round "1.4"]
[White "Navara, David"]
[Black "Rakhmanov, Aleksandr"]
[Result "1-0"]
[WhiteElo "2699"]
[BlackElo "2650"]
[Annotator "TA"]
[PlyCount "89"]
[EventDate "2021.11.02"]
[EventType "swiss"]
[EventCountry "LAT"]
[SourceTitle "playchess.com"]
[Source "ChessBase"]
[SourceQuality "1"]

1. d4 Nf6 2. c4 d6 3. Nf3 g6 4. Nc3 Bf5 5. Qb3 b6 6. g3 Bg7 7. Bg2 Nc6 8. d5
Na5 9. Qd1 Ne4 10. Nb5 Bd7 11. Nfd4 Nf6 12. b3 O-O 13. O-O a6 14. Nc3 Qc8 15.
Qd3 c5 16. Nc2 b5 17. Bd2 b4 18. Nd1 Ng4 19. Rc1 Ne5 20. Qe3 Bf5 21. Qf4 Bh3
22. f3 Bxg2 23. Kxg2 e6 24. Nde3 Nb7 25. dxe6 Qxe6 26. Nd5 Rad8 27. Rcd1 Nc6
28. Qe3 a5 29. Qxe6 fxe6 30. Nc7 Kf7 31. Bg5 Rd7 32. Nb5 Bf6 33. Bh6 Rfd8 34.
Ne3 d5 35. cxd5 exd5 36. Ng4 c4 37. Nxf6 Kxf6 38. h4 Ke6 39. Bg5 Rb8 40. e4 Nc5
41. exd5+ Kf7 42. dxc6 Rxd1 43. Rxd1 Ne6 44. c7 Rc8 45. Nd6+ 1-0

[Event "Lindores Abbey Tal Blitz 2021"]
[Site "Riga"]
[Date "2021.11.08"]
[Round "1.6"]
[White "Jobava, Baadur"]
[Black "Sasikiran, Krishnan"]
[Result "1-0"]
[WhiteElo "2582"]
[BlackElo "2640"]
[Annotator "ChessBase"]
[PlyCount "57"]
[EventDate "2021.11.02"]
[EventType "swiss"]
[EventCountry "LAT"]
[SourceTitle "playchess.com"]
[Source "ChessBase"]
[SourceQuality "1"]

1. e4 c5 2. Nf3 d6 3. Bb5+ Nd7 4. c3 Ngf6 5. Bd3 b6 6. O-O Bb7 7. Re1 e5 8. Bc2
Be7 9. d4 O-O 10. Nbd2 cxd4 11. cxd4 exd4 12. Nxd4 g6 13. N2f3 Rc8 14. Bh6 Re8
15. Ng5 Bf8 16. Bb3 d5 17. Bxf8 Nxf8 18. e5 Ne4 19. Nxf7 Qe7 20. Rxe4 dxe4 21.
Nd6+ Kh8 22. Qd2 Rc5 23. Nxe8 Qxe8 24. e6 Qd8 25. Rd1 Rg5 26. Qe3 Re5 27. Nf3
Qxd1+ 28. Bxd1 Rd5 29. Qc3+ 1-0

[Event "Lindores Abbey Tal Blitz 2021"]
[Site "Riga"]
[Date "2021.11.08"]
[Round "1.7"]
[White "Ter-Sahakyan, Samvel"]
[Black "Korobov, Anton"]
[Result "1/2-1/2"]
[WhiteElo "2615"]
[BlackElo "2684"]
[Annotator "TA"]
[PlyCount "69"]
[EventDate "2021.11.02"]
[EventType "swiss"]
[EventCountry "LAT"]
[SourceTitle "playchess.com"]
[Source "ChessBase"]
[SourceQuality "1"]

1. e4 c5 2. Nf3 d6 3. Bb5+ Nd7 4. d4 cxd4 5. Nxd4 Ngf6 6. O-O a6 7. Ba4 e6 8.
c4 Nxe4 9. Re1 Nec5 10. Nc3 Be7 11. Bxd7+ Nxd7 12. Rxe6 O-O 13. Re1 Nb6 14. b3
d5 15. Nxd5 Nxd5 16. cxd5 Bb4 17. Bd2 Bxd2 18. Qxd2 Qxd5 19. Qf4 Bd7 20. h4
Rae8 21. Rad1 h6 22. Nc2 Rxe1+ 23. Rxe1 Bc6 24. f3 Qa5 25. Nb4 Bd7 26. Re5 Qb6+
27. Kh2 Be6 28. Nd5 Bxd5 29. Rxd5 Qe6 30. Rd6 Qe7 31. Rd4 Rc8 32. Re4 Qc7 33.
Re8+ Kh7 34. Qxc7 Rxc7 35. Re2 1/2-1/2

[Event "Lindores Abbey Tal Blitz 2021"]
[Site "Riga"]
[Date "2021.11.08"]
[Round "1.8"]
[White "Fedoseev, Vladimir"]
[Black "Jumabayev, Rinat"]
[Result "0-1"]
[WhiteElo "2704"]
[BlackElo "2658"]
[Annotator "TA"]
[PlyCount "104"]
[EventDate "2021.11.02"]
[EventType "swiss"]
[EventCountry "LAT"]
[SourceTitle "playchess.com"]
[Source "ChessBase"]
[SourceQuality "1"]

1. Nf3 Nf6 2. c4 e6 3. b3 d5 4. Bb2 b6 5. cxd5 exd5 6. e3 Bd6 7. Nc3 O-O 8. Nb5
Be7 9. Be5 Na6 10. Nbd4 Bb7 11. Bb5 Nb8 12. Rc1 c5 13. Nf5 Nbd7 14. Bf4 a6 15.
Be2 Re8 16. d4 Ne4 17. O-O Bf8 18. dxc5 bxc5 19. Nd2 Nxd2 20. Qxd2 Qb6 21. Rfd1
Nf6 22. Qb2 a5 23. Rc2 d4 24. Bd3 Nd5 25. Bg3 Nb4 26. Bc4 Be4 27. Rcd2 Bxf5 28.
exd4 cxd4 29. Rxd4 Rad8 30. h3 Rxd4 31. Rxd4 Bc5 32. Rd1 Be6 33. Qe5 h6 34.
Bxe6 Rxe6 35. Qf5 Bf8 36. Rd7 Re1+ 37. Kh2 Qe6 38. Qxe6 Rxe6 39. a4 Nc6 40. Rc7
f5 41. Rc8 Kf7 42. Rc7+ Kg6 43. f3 Bb4 44. h4 h5 45. Kh3 Nd4 46. Bf4 Nxb3 47.
g4 fxg4+ 48. fxg4 hxg4+ 49. Kxg4 Re4 50. h5+ Kf6 51. Rc6+ Kf7 52. Kf5 Nd4+ 0-1

[Event "Lindores Abbey Tal Blitz 2021"]
[Site "Riga"]
[Date "2021.11.08"]
[Round "1.9"]
[White "Firat, Burak"]
[Black "Svidler, Peter"]
[Result "1-0"]
[WhiteElo "2480"]
[BlackElo "2694"]
[Annotator "TA"]
[PlyCount "57"]
[EventDate "2021.11.02"]
[EventType "swiss"]
[EventCountry "LAT"]
[SourceTitle "playchess.com"]
[Source "ChessBase"]
[SourceQuality "1"]

1. e4 c5 2. Nf3 d6 3. d4 cxd4 4. Nxd4 Nf6 5. Nc3 Bd7 6. Be3 e5 7. Nb3 Bc6 8. f3
Be7 9. Qd2 O-O 10. O-O-O a5 11. Kb1 a4 12. Nc1 a3 13. b3 Na6 14. g4 Nb4 15. g5
Nh5 16. Nd3 d5 17. Nxe5 dxe4 18. fxe4 Qc7 19. Nxc6 bxc6 20. Bc4 Rad8 21. Qf2
Rxd1+ 22. Rxd1 Qe5 23. Bd4 Qxg5 24. Rg1 Qh6 25. Qf3 Qd2 26. Qf2 Qxf2 27. Bxf2
Bf6 28. Ne2 Rd8 29. Bc5 1-0

[Event "Lindores Abbey Tal Blitz 2021"]
[Site "Riga"]
[Date "2021.11.08"]
[Round "1.10"]
[White "Ponomariov, Ruslan"]
[Black "Abasov, Nijat"]
[Result "1-0"]
[WhiteElo "2633"]
[BlackElo "2634"]
[Annotator "ChessBase"]
[PlyCount "119"]
[EventDate "2021.11.02"]
[EventType "swiss"]
[EventCountry "LAT"]
[SourceTitle "playchess.com"]
[Source "ChessBase"]
[SourceQuality "1"]

1. e4 c5 2. Nf3 e6 3. d4 cxd4 4. Nxd4 Nf6 5. Nc3 Nc6 6. Nxc6 bxc6 7. e5 Nd5 8.
Ne4 Qc7 9. f4 Qb6 10. c4 Bb4+ 11. Ke2 f5 12. Nf2 Ba6 13. Kf3 Ne7 14. Be3 Bc5
15. Bxc5 Qxc5 16. Qd6 Qa5 17. h4 Kf7 18. Be2 c5 19. Kg3 Rab8 20. b3 Rhd8 21.
Bh5+ g6 22. Bf3 h6 23. h5 g5 24. fxg5 hxg5 25. h6 Qc3 26. Rac1 Qe3 27. Nd3 g4
28. Rce1 Qg5 29. Bd1 f4+ 30. Kf2 Bb7 31. Nxc5 Nf5 32. Qd3 g3+ 33. Kg1 Bc6 34.
Ne4 Bxe4 35. Qxe4 Ke7 36. Rh5 Qg6 37. Qxf4 Rh8 38. Qg5+ Qxg5 39. Rxg5 Rxh6 40.
Bg4 Rbh8 41. Bh3 Rh4 42. Rg4 R4h6 43. Kf1 a5 44. Ke2 a4 45. b4 a3 46. Kd3 Rb8
47. Kc3 Rhh8 48. Rg5 Rhf8 49. c5 Nh4 50. Rxg3 Rf2 51. Rg7+ Kf8 52. Rxd7 Rxa2
53. Rf1+ Ke8 54. Rg7 Rd8 55. Bxe6 Rxg2 56. Rxg2 Nxg2 57. c6 Ne3 58. Rh1 Ke7 59.
c7 Rd1 60. Rxd1 1-0

[Event "Lindores Abbey Tal Blitz 2021"]
[Site "Riga"]
[Date "2021.11.08"]
[Round "1.11"]
[White "Durarbayli, Vasif"]
[Black "Xiong, Jeffery"]
[Result "1-0"]
[WhiteElo "2629"]
[BlackElo "2687"]
[Annotator "TA"]
[PlyCount "119"]
[EventDate "2021.11.02"]
[EventType "swiss"]
[EventCountry "LAT"]
[SourceTitle "playchess.com"]
[Source "ChessBase"]
[SourceQuality "1"]

1. e4 e5 2. Nc3 Nf6 3. d4 exd4 4. Qxd4 Nc6 5. Qd3 Bb4 6. Bd2 O-O 7. O-O-O Re8
8. Nge2 d5 9. exd5 Ne5 10. Qd4 a5 11. f3 Bf5 12. Ng3 Bg6 13. h4 h6 14. h5 Bh7
15. a3 c6 16. f4 Neg4 17. Be2 c5 18. Qg1 Bxc3 19. Bxc3 Ne3 20. Rd2 Nfxd5 21.
Bf3 Ra6 22. Nf1 Rd6 23. Be5 Rd7 24. Nxe3 Nxe3 25. Qxe3 f6 26. Qb3+ Kh8 27. Rxd7
Qxd7 28. Rd1 Qf5 29. g4 Qc8 30. Bd6 c4 31. Qc3 Qe6 32. f5 Qc8 33. Bd5 b5 34.
Be6 Qc6 35. Qxa5 Bg8 36. Bxg8 Kxg8 37. Qc3 Re2 38. Bb4 Qe4 39. Kb1 Qxg4 40. Rd5
Qxh5 41. Ka2 Qh1 42. Rxb5 Qe4 43. Rb8+ Kh7 44. Qg3 Qxf5 45. Rb7 Qg5 46. Qc7
Rxc2 47. Bf8 Rg2 48. Qxc4 Qf5 49. Qc6 Rg1 50. Qc3 Qd5+ 51. Rb3 f5 52. Qd3 Qf7
53. Bc5 Rc1 54. Be3 Rh1 55. a4 h5 56. a5 h4 57. a6 g6 58. a7 Qe8 59. Qb5 Qe4
60. Qb7+ 1-0

[Event "Lindores Abbey Tal Blitz 2021"]
[Site "Riga"]
[Date "2021.11.08"]
[Round "1.13"]
[White "Yilmaz, Mustafa"]
[Black "Sarana, Alexey"]
[Result "1-0"]
[WhiteElo "2626"]
[BlackElo "2656"]
[Annotator "ChessBase"]
[PlyCount "107"]
[EventDate "2021.11.02"]
[EventType "swiss"]
[EventCountry "LAT"]
[SourceTitle "playchess.com"]
[Source "ChessBase"]
[SourceQuality "1"]

1. Nf3 d5 2. g3 Nf6 3. Bg2 g6 4. O-O Bg7 5. d4 c6 6. b3 O-O 7. c4 Nbd7 8. cxd5
cxd5 9. Nc3 Nb8 10. Bb2 Nc6 11. Ne5 Nxe5 12. dxe5 Ng4 13. Nxd5 Nxe5 14. Ba3 Nc6
15. Rc1 Qa5 16. Bxe7 Nxe7 17. Nxe7+ Kh8 18. Nxc8 Raxc8 19. Rxc8 Rxc8 20. Bxb7
Rb8 21. Qd5 Qxa2 22. e3 f5 23. Rc1 Qb2 24. Rc7 Qe5 25. Qc4 Rd8 26. Kg2 a5 27.
h4 Bf8 28. Bf3 Bd6 29. Ra7 Rf8 30. Qc6 Bb8 31. Rb7 Qd6 32. Rxb8 Qxb8 33. Qc3+
Kg8 34. Bd5+ Rf7 35. Qf6 Qc7 36. Kf3 Kf8 37. Bxf7 Qxf7 38. Qxf7+ Kxf7 39. e4
Ke6 40. Kf4 fxe4 41. Kxe4 Kd6 42. g4 Kc5 43. f4 Kd6 44. f5 gxf5+ 45. gxf5 Kc5
46. f6 Kd6 47. Kf5 Kd7 48. h5 Ke8 49. Ke6 Kf8 50. Kf5 Kf7 51. Ke5 Kf8 52. Ke6
Ke8 53. f7+ Kf8 54. Kf6 1-0

[Event "Lindores Abbey Tal Blitz 2021"]
[Site "Riga"]
[Date "2021.11.08"]
[Round "1.14"]
[White "Swiercz, Dariusz"]
[Black "Sadhwani, Raunak"]
[Result "0-1"]
[WhiteElo "2647"]
[BlackElo "2609"]
[Annotator "ChessBase"]
[PlyCount "98"]
[EventDate "2021.11.02"]
[EventType "swiss"]
[EventCountry "LAT"]
[SourceTitle "playchess.com"]
[Source "ChessBase"]
[SourceQuality "1"]

1. e4 e5 2. Nf3 Nc6 3. Bb5 Nge7 4. Nc3 Ng6 5. d4 exd4 6. Nxd4 Nxd4 7. Qxd4 c6
8. Be2 Qb6 9. Qxb6 axb6 10. O-O b5 11. f4 Bc5+ 12. Kh1 d6 13. Bd3 O-O 14. Bd2
Re8 15. a3 Bd7 16. Rae1 b4 17. axb4 Bxb4 18. Ra1 b5 19. g3 c5 20. Rxa8 Rxa8 21.
Rd1 c4 22. Be2 Bc6 23. Bf3 Ne7 24. Kg2 Bc5 25. Ne2 b4 26. Be1 Ra2 27. Bf2 f6
28. Bd4 Kf7 29. h4 f5 30. e5 Bxf3+ 31. Kxf3 Bxd4 32. Nxd4 dxe5 33. fxe5 Rxb2
34. Ra1 b3 35. cxb3 Rd2 36. Ne2 Rd3+ 37. Kf2 cxb3 38. Ra7 h6 39. h5 Rd5 40. e6+
Kf6 41. Rb7 Rd3 42. Nf4 Rc3 43. Kg2 Rc2+ 44. Kh3 b2 45. Rb8 Nc6 46. Rb7 Ne5 47.
e7 Kf7 48. Ng6 Ng4 49. Nh8+ Ke8 0-1

[Event "Lindores Abbey Tal Blitz 2021"]
[Site "Riga"]
[Date "2021.11.08"]
[Round "1.15"]
[White "Ivic, Velimir"]
[Black "Adly, Ahmed"]
[Result "1-0"]
[WhiteElo "2620"]
[BlackElo "2602"]
[Annotator "ChessBase"]
[PlyCount "107"]
[EventDate "2021.11.02"]
[EventType "swiss"]
[EventCountry "LAT"]
[SourceTitle "playchess.com"]
[Source "ChessBase"]
[SourceQuality "1"]

1. e4 c6 2. d4 d5 3. f3 e6 4. Nc3 Bb4 5. Bd2 Ne7 6. a3 Ba5 7. Bd3 O-O 8. f4
Bxc3 9. Bxc3 dxe4 10. Bxe4 Nd5 11. Bd2 Nf6 12. Bd3 Qxd4 13. Nf3 Qb6 14. Qe2
Nbd7 15. O-O-O Nc5 16. Bc4 Qc7 17. Be3 Ncd7 18. Kb1 b5 19. Bd3 Rb8 20. Ne5 Nxe5
21. fxe5 Qxe5 22. Qd2 Nd5 23. Bd4 Qc7 24. Bxg7 Qf4 25. Qxf4 Nxf4 26. Bxf8 Kxf8
27. Rhf1 Nxg2 28. Rf3 Ke7 29. Rg1 Nh4 30. Rh3 Ng6 31. Rxh7 Ne5 32. Rg8 b4 33.
axb4 Nxd3 34. cxd3 Ba6 35. Rxb8 Bxd3+ 36. Kc1 Bxh7 37. Rb7+ Kf6 38. Rxa7 Bd3
39. Kd2 Bb5 40. Ke3 e5 41. h4 Bc4 42. Rc7 Bd5 43. Rd7 Ke6 44. h5 Ba2 45. h6 Bb1
46. Rd3 Bxd3 47. Kxd3 Kf6 48. Ke4 Kg6 49. Kxe5 Kxh6 50. Kf6 Kh5 51. Kxf7 Kg4
52. Ke6 Kf4 53. Kd6 Ke4 54. Kxc6 1-0

[Event "Lindores Abbey Tal Blitz 2021"]
[Site "Riga"]
[Date "2021.11.08"]
[Round "1.16"]
[White "Bluebaum, Matthias"]
[Black "Meshkovs, Nikita"]
[Result "0-1"]
[WhiteElo "2647"]
[BlackElo "2557"]
[Annotator "ChessBase"]
[PlyCount "80"]
[EventDate "2021.11.02"]
[EventType "swiss"]
[EventCountry "LAT"]
[SourceTitle "playchess.com"]
[Source "ChessBase"]
[SourceQuality "1"]

1. d4 Nf6 2. c4 c5 3. d5 g6 4. Nc3 Bg7 5. e4 d6 6. h3 O-O 7. Nf3 e6 8. Be3 Na6
9. Bd3 Nc7 10. a4 Na6 11. O-O e5 12. Ne1 Nb4 13. Be2 a5 14. Nd3 Qe7 15. Qd2 Bd7
16. Rae1 Kh8 17. b3 Ng8 18. f4 exf4 19. Bxf4 Bd4+ 20. Kh1 Rae8 21. Bf3 f6 22.
Ne2 Nxd3 23. Qxd3 Be5 24. Qd2 b6 25. Rf2 f5 26. exf5 Bxf4 27. Qxf4 Rxf5 28. Qd2
Nf6 29. Ref1 Qe3 30. Qb2 Kg8 31. Ng3 Rfe5 32. Kh2 h5 33. Bd1 h4 34. Rxf6 Qxg3+
35. Kh1 Bf5 36. R6xf5 Rxf5 37. Bf3 Re1 38. Rxe1 Qxe1+ 39. Kh2 Re5 40. Qc2 Qg3+
0-1

[Event "Lindores Abbey Tal Blitz 2021"]
[Site "Riga"]
[Date "2021.11.08"]
[Round "1.17"]
[White "Morovic Fernandez, Ivan"]
[Black "Mamedov, Rauf"]
[Result "0-1"]
[WhiteElo "2510"]
[BlackElo "2673"]
[Annotator "ChessBase"]
[PlyCount "74"]
[EventDate "2021.11.02"]
[EventType "swiss"]
[EventCountry "LAT"]
[SourceTitle "playchess.com"]
[Source "ChessBase"]
[SourceQuality "1"]

1. e4 c5 2. Nf3 Nc6 3. d4 cxd4 4. Nxd4 g6 5. c4 Bg7 6. Be3 Qb6 7. Nb3 Qd8 8.
Qd2 d6 9. Nc3 Nf6 10. Be2 a5 11. O-O a4 12. Nd4 Nxd4 13. Bxd4 O-O 14. Rfd1 Be6
15. f3 Nd7 16. Be3 Qa5 17. Rac1 Rfc8 18. Nd5 Bxd5 19. Qxa5 Rxa5 20. cxd5 Nc5
21. b4 axb3 22. axb3 Ra3 23. Bxc5 dxc5 24. b4 b6 25. bxc5 bxc5 26. d6 exd6 27.
Rxd6 Bh6 28. Rcd1 Kg7 29. Bc4 Rc3 30. Bd5 Rc7 31. h4 c4 32. h5 Rc2 33. hxg6
hxg6 34. g3 Be3+ 35. Kf1 c3 36. f4 Rf2+ 37. Ke1 c2 0-1

[Event "Lindores Abbey Tal Blitz 2021"]
[Site "Riga"]
[Date "2021.11.08"]
[Round "1.18"]
[White "Zvjaginsev, Vadim"]
[Black "Donchenko, Alexander"]
[Result "1-0"]
[WhiteElo "2609"]
[BlackElo "2645"]
[Annotator "TA"]
[PlyCount "43"]
[EventDate "2021.11.02"]
[EventType "swiss"]
[EventCountry "LAT"]
[SourceTitle "playchess.com"]
[Source "ChessBase"]
[SourceQuality "1"]

1. c4 Nf6 2. Nc3 e5 3. Nf3 Nc6 4. a3 d5 5. cxd5 Nxd5 6. Qc2 Be6 7. e3 Bd6 8. b4
O-O 9. Bb2 f6 10. Bd3 Kh8 11. Bxh7 Nxc3 12. Bxc3 f5 13. h4 Bd5 14. Bxf5 Bxf3
15. gxf3 Qf6 16. Be4 Rae8 17. Rg1 Nd4 18. Bxd4 exd4 19. Rg6 Qe5 20. Rg5 d3 21.
Rxe5 dxc2 22. Rh5+ 1-0

[Event "Lindores Abbey Tal Blitz 2021"]
[Site "Riga"]
[Date "2021.11.08"]
[Round "1.19"]
[White "Stefanova, Antoaneta"]
[Black "Hovhannisyan, Robert"]
[Result "0-1"]
[WhiteElo "2475"]
[BlackElo "2622"]
[Annotator "ChessBase"]
[PlyCount "121"]
[EventDate "2021.11.02"]
[EventType "swiss"]
[EventCountry "LAT"]
[SourceTitle "playchess.com"]
[Source "ChessBase"]
[SourceQuality "1"]

1. d4 d5 2. Nf3 Nf6 3. Bf4 c5 4. e3 Nc6 5. Nbd2 Bg4 6. c3 e6 7. Qb3 Qc8 8. Ne5
Nxe5 9. Bxe5 c4 10. Qc2 Bf5 11. Qc1 Be7 12. Be2 O-O 13. O-O b5 14. f3 Bg6 15.
Bd1 Bd3 16. Re1 b4 17. Bc2 bxc3 18. bxc3 Qa6 19. Bxd3 cxd3 20. Nb3 Rac8 21. Qd2
Qc4 22. Red1 Nd7 23. Bg3 Qxc3 24. Qxd3 Qxd3 25. Rxd3 Rc2 26. Be1 Rfc8 27. Rd2
Ba3 28. Kf1 Nb6 29. Ke2 Kf8 30. Rxc2 Rxc2+ 31. Bd2 Nc4 32. Kd3 Rb2 33. e4 Nxd2
34. Nxd2 Bb4 35. Nf1 dxe4+ 36. fxe4 Rxg2 37. Rb1 a5 38. a4 Ra2 39. Ne3 Ra3+ 40.
Ke2 Rxa4 41. Nc2 Ra2 42. Kd3 g5 43. h3 Kg7 44. d5 exd5 45. exd5 Bf8 46. Rb6 Ra4
47. Nd4 Ra1 48. Nf5+ Kg8 49. d6 Rd1+ 50. Ke4 a4 51. Rb8 a3 52. Nh6+ Kg7 53.
Nf5+ Kf6 54. Rxf8 a2 55. Ra8 a1=Q 56. Rxa1 Rxa1 57. d7 Rd1 58. Nd4 Ke7 59. Nf3
f6 60. Nd4 Rxd4+ 61. Kxd4 0-1

[Event "Lindores Abbey Tal Blitz 2021"]
[Site "Riga"]
[Date "2021.11.08"]
[Round "1.20"]
[White "Nihal Sarin"]
[Black "Ernst, Sipke"]
[Result "0-1"]
[WhiteElo "2650"]
[BlackElo "2532"]
[Annotator "ChessBase"]
[PlyCount "128"]
[EventDate "2021.11.02"]
[EventType "swiss"]
[EventCountry "LAT"]
[SourceTitle "playchess.com"]
[Source "ChessBase"]
[SourceQuality "1"]

1. e4 e5 2. Nf3 Nc6 3. Bb5 a6 4. Bxc6 dxc6 5. O-O Qf6 6. d4 exd4 7. Bg5 Qd6 8.
Nxd4 Be7 9. Be3 Qg6 10. f3 h5 11. Nc3 h4 12. Nde2 Bd6 13. Qd4 Bh3 14. Rf2 Rd8
15. e5 Be7 16. Nf4 Qh7 17. Qc4 Bc8 18. e6 Qf5 19. exf7+ Qxf7 20. Qxf7+ Kxf7 21.
Ne4 Nh6 22. Nd3 Nf5 23. Bg5 Bf6 24. Nxf6 gxf6 25. Bf4 Rd7 26. Re1 b6 27. Re4 c5
28. h3 Nd4 29. Kh2 Bb7 30. Re3 Nf5 31. Re1 Rhd8 32. b3 Nd4 33. Ref1 Ne6 34. Be3
Nd4 35. Bxd4 Rxd4 36. Re1 c4 37. Nb2 cxb3 38. axb3 a5 39. Rfe2 R8d7 40. Re3 Rd2
41. R1e2 Ba6 42. Rxd2 Rxd2 43. Rc3 c5 44. Kg1 Ke6 45. Na4 Rd6 46. Kf2 Bb5 47.
Ke3 Bxa4 48. bxa4 Rd4 49. Rb3 Rb4 50. Rxb4 cxb4 51. f4 Kd5 52. g3 hxg3 53. h4
Ke6 54. Kf3 f5 55. Kxg3 Kf6 56. Kf3 Kg6 57. Ke3 Kh5 58. Kd4 Kxh4 59. Kc4 Kg4
60. Kb5 Kxf4 61. Kxb6 Ke5 62. Kxa5 f4 63. Kb6 f3 64. a5 f2 0-1

[Event "Lindores Abbey Tal Blitz 2021"]
[Site "Riga"]
[Date "2021.11.08"]
[Round "1.21"]
[White "Sethuraman, S.P.."]
[Black "Howell, David W L"]
[Result "0-1"]
[WhiteElo "2620"]
[BlackElo "2648"]
[Annotator "ChessBase"]
[PlyCount "144"]
[EventDate "2021.11.02"]
[EventType "swiss"]
[EventCountry "LAT"]
[SourceTitle "playchess.com"]
[Source "ChessBase"]
[SourceQuality "1"]

1. e4 g6 2. d4 Bg7 3. Nc3 c6 4. f4 d5 5. e5 Nh6 6. Nf3 O-O 7. Be3 Bg4 8. h3
Bxf3 9. Qxf3 f6 10. exf6 exf6 11. g4 f5 12. O-O-O Nd7 13. g5 Nf7 14. h4 Nb6 15.
h5 Nd6 16. Kb1 Qd7 17. Qh3 Kf7 18. Bc1 Rae8 19. Bg2 Re6 20. Rhe1 Rxe1 21. Rxe1
Bxd4 22. Qd3 Bxc3 23. Qxc3 Ne4 24. Bxe4 fxe4 25. hxg6+ hxg6 26. Rh1 Ke8 27. Be3
Kd8 28. Bd4 Kc8 29. Bg7 Rg8 30. Bf6 Qf7 31. b3 Nd7 32. Be5 Nxe5 33. Qxe5 Re8
34. Qd6 Qe6 35. Qa3 Kb8 36. Qc5 e3 37. Re1 Qe4 38. Qd6+ Ka8 39. Qd7 a6 40. a4
e2 41. f5 gxf5 42. g6 Qe6 43. Qxe6 Rxe6 44. g7 Rg6 45. Rxe2 Rxg7 46. Re8+ Ka7
47. Rf8 Rg5 48. Kb2 a5 49. Kc3 Kb6 50. Kd3 Rg3+ 51. Kd4 Rg4+ 52. Kd3 Rf4 53.
Rf7 Rf2 54. c3 Rf3+ 55. Kd2 f4 56. b4 axb4 57. cxb4 Ka6 58. Kc2 Rf1 59. Rf8 Kb6
60. Rb8 Re1 61. a5+ Kc7 62. Rf8 Re4 63. Rf7+ Kb8 64. Kb3 Ka7 65. Rf8 Ka6 66.
Rf7 Re3+ 67. Kc2 Re4 68. Kb3 Re3+ 69. Kc2 f3 70. Kd2 Rb3 71. Kc2 Rxb4 72. Rxf3
Kxa5 0-1

[Event "Lindores Abbey Tal Blitz 2021"]
[Site "Riga"]
[Date "2021.11.08"]
[Round "1.22"]
[White "Cheparinov, Ivan"]
[Black "Zhou, Jianchao"]
[Result "0-1"]
[WhiteElo "2677"]
[BlackElo "2616"]
[Annotator "ChessBase"]
[PlyCount "66"]
[EventDate "2021.11.02"]
[EventType "swiss"]
[EventCountry "LAT"]
[SourceTitle "playchess.com"]
[Source "ChessBase"]
[SourceQuality "1"]

1. d4 Nf6 2. c4 e6 3. Nf3 d5 4. Nc3 a6 5. c5 b6 6. cxb6 cxb6 7. Bf4 Bd6 8. e3
Bxf4 9. exf4 Nc6 10. Bd3 O-O 11. O-O Bd7 12. Rc1 Qb8 13. Ne5 Rc8 14. Qd2 g6 15.
Bb1 Be8 16. Rfe1 b5 17. f5 exf5 18. Bxf5 Rd8 19. Bd3 Qb6 20. Qf4 Nh5 21. Qe3
Qxd4 22. Nxc6 Qxe3 23. Rxe3 Bxc6 24. Ne2 Bd7 25. g3 Rac8 26. Re1 Re8 27. Nd4
Rxe3 28. Rxe3 Kf8 29. f3 Ng7 30. b4 Ne6 31. Nb3 Rc3 32. f4 d4 33. Rf3 Bc6 0-1